| 000 | 00846nam a22002177a 4500 | ||
|---|---|---|---|
| 003 | 0 | ||
| 005 | 20160609171222.0 | ||
| 008 | 130123t xxu||||| |||| 00| 0 eng d | ||
| 040 |
_aBUAC _bFre _cBUC |
||
| 041 | _aFre | ||
| 100 |
_a Bourguet, Berkaloff _922353 |
||
| 245 |
_aBiologie et physiologie cellulaire : _bI, Cytoplasme et organites cytoplasmiques II, noyeau interplasique/ _cIII, Division cellulaire IV, Perméabilité et excitabilité cellulaire V, Cellules et Virus _hBerkaloff Bourguet, Favard Guinnebault |
||
| 260 |
_aParis _bHermann _c1969 |
||
| 300 |
_a311 p. _c24 cm . |
||
| 440 |
_a(Collection Méthode ) _922354 |
||
| 504 | _aComprend : Bibliogr; Indexe pp : 313 - 322 | ||
| 630 |
_aSCIENCES EXACTES _922355 |
||
| 650 |
_2Biologie cellulaire _922356 |
||
| 700 |
_aP. Favard M.Guinnebault _922357 |
||
| 942 | _cLIVR | ||
| 999 |
_c50420 _d50420 |
||